000 00633cab a2200241 4500
001 ABS60338
008 090401t1999 xxu||||| |||| 00| 0 eng d
035 _a(Sirsi) u92273
041 _aeng
100 _aWard, C.
245 _aThird party rights under contracts
260 _c1999
350 _a0
490 _aThe Valuer
_v68(2) March/April 1999, 15(1)
650 _aCONTRACTS (RIGHTS OF THIRD PARTIES) BILL
650 _aLANDLORD AND TENANT (COVENANTS) ACT 1995
650 _aPRIVITY OF CONTRACT
650 _aTENANCY AGREEMENTS
650 _aTHIRD PARTIES
690 _aLAW
942 _n0
948 _c23/03/1999
999 _c58510
_d58510